000 00902nam a2200229Ii 4500
003 JO-AjNU
008 230605s9999||||xx |||||||||||||| ||und||
017 _a1426/5346
020 _a9960-730-80-8
040 _aJO-AjNU
_bara
_erda
_cJO-AjNU
041 _aara
050 1 4 _aBP134.C6 2008
100 3 _aالكناني، أبي الحسن عبد العزيز بن يحيى بن عبد العزيز ابن مسلم بن ميمون الكناني المكي,
_eauthor
_949114
245 0 0 _aالحيدة والاعتذار في الرد من قال بخلق القرآن
250 _aط1
264 3 1 _aالرياض: دار القاسم للنشر، 2008
300 _a104ص
336 _atext
_btxt
_2rdacontent
337 _aunmediated
_bn
_2rdamedia
338 _avolume
_bnc
_2rdacarrier
650 4 _aالتوحيد - الاسلام - دفع مطاعن - القران - دفع مطاعن
_949115
999 _aA21552
_c25120
_d25120